Top 25 Most Memorable People Born in Canada - Statistics

General Stats
  • This quiz has been taken 14 times
  • The average score is 4 of 25
Answer Stats
Occupation Name % Correct
Actor Jim Carrey
79%
Politician Justin Trudeau
79%
Singer Celine Dion
43%
Racing Driver Gilles Villeneuve
29%
Actor Michael J. Fox
29%
Actor Donald Sutherland
21%
Muscian Leonard Cohen
21%
Writer Margaret Atwood
21%
Actor Dan Aykroyd
14%
Director James Cameron
14%
Writer Alice Munro
7%
Director David Cronenberg
7%
Architect Frank Gehry
7%
Psychologist Albert Bandura
0%
Actor Christopher Plummer
0%
Psychologist Eric Berne
0%
Sociologist Erving Goffman
0%
Physician Frederick Banting
0%
Musician Glenn Gould
0%
Inventor James Naismith
0%
Actor Leslie Nielsen
0%
Writer Lucy Maud Montgomery
0%
Philosopher Marshall McLuhan
0%
Writer Saul Bellow
0%
Actor William Shatner
0%
No matching quizzes found
Score Distribution
Percent of People with Each Score
Percentile by Number Answered
Your Score History
You have not taken this quiz